000 00236nam a2200109Ia 4500
999 _c9080
_d9080
020 _a978-0133406788
100 _aMichael P. Todaro
245 0 _aEconomic Development
260 _aNew York
_bPearson
_c1983
300 _a424
942 _cBK